000 00604cab a2200217 4500
001 X2081
008 090401t1995 xxu||||| |||| 00| 0 eng d
035 _a(Sirsi) u21665
041 _aeng
100 _aPapworth, J.
245 _aColumn : health and safety
260 _c1995
350 _a0
490 _aCSM (Chartered Surveyor Monthly)
_v4(5) March 1995, 21(1)
650 _aCONSTRUCTION (DESIGN AND MANAGEMENT) REGULATIONS 1994
650 _aCONDAM REGULATIONS
650 _aHEALTH AND SAFETY
_96244
690 _aBUILT ENVIRONMENT-BUILDING STANDARDS
942 _n0
948 _c04/03/1997
999 _c14530
_d14530